Geometric mechanics and symmetry: from finite to infinite dimensions (Record no. 75881)

MARC details
000 -LEADER
fixed length control field 00994nam a2200229 a 4500
008 - FIXED-LENGTH DATA ELEMENTS--GENERAL INFORMATION
fixed length control field 101104s2009 ||||||||||||||||| || u
020 ## - INTERNATIONAL STANDARD BOOK NUMBER
International Standard Book Number 9780199212910
050 ## - LIBRARY OF CONGRESS CALL NUMBER
Classification number QA 807.5 Geo
100 ## - MAIN ENTRY--PERSONAL NAME
Personal name Holm, Darryl D
245 10 - TITLE STATEMENT
Title Geometric mechanics and symmetry: from finite to infinite dimensions
Statement of responsibility, etc. Darryl D. Holm...[and others]
260 ## - PUBLICATION, DISTRIBUTION, ETC.
Place of publication, distribution, etc. Oxford
Name of publisher, distributor, etc. Oxford University Press
Date of publication, distribution, etc. 2009
300 ## - PHYSICAL DESCRIPTION
Extent xvi, 515p.: ill.
350 ## -
-- 0.00
490 ## -
-- Oxford texts in applied and engineering mathematics
650 ## - SUBJECT ADDED ENTRY--TOPICAL TERM
Topical term or geographic name entry element Geometry
650 #0 - SUBJECT ADDED ENTRY--TOPICAL TERM
Topical term or geographic name entry element SYMMETRY (MATHEMATICS)
650 ## - SUBJECT ADDED ENTRY--TOPICAL TERM
Topical term or geographic name entry element MECHANICS
700 ## - ADDED ENTRY--PERSONAL NAME
Personal name Schmah, Tanya
700 ## - ADDED ENTRY--PERSONAL NAME
Personal name Stoica, Cristina
995 ## -
-- ANNEX COLLECTION (Main Library)
-- 0.00
-- 742222
-- CBU-MAIN LIBRARY (Kitwe)
-- 1
-- 0.00
-- QA 807.5 GEO
-- 2
-- AVAILABLE
-- Dec 9, 2010
-- 742222
-- Annex Low-Usage Collection
995 ## -
-- ANNEX COLLECTION (Main Library)
-- 0.00
-- 742146
-- CBU-MAIN LIBRARY (Kitwe)
-- 1
-- 0.00
-- QA 807.5 GEO
-- 1
-- AVAILABLE
-- Nov 18, 2010
-- 742146
-- Annex Low-Usage Collection
999 ## -
-- 75881
-- 75881
Holdings
Withdrawn status Lost status Source of classification or shelving scheme Damaged status Not for loan Permanent Location Current Location Shelving location Date acquired Total Checkouts Full call number Barcode Date last seen Copy number Price effective from Koha item type
          CBU-MAIN LIBRARY, KITWE. CBU-MAIN LIBRARY, KITWE.   04/25/2023   QA 807.5 Geo 742222 04/25/2023 1 04/25/2023 MONOGRAPH
          CBU-MAIN LIBRARY, KITWE. CBU-MAIN LIBRARY, KITWE.   04/25/2023   QA 807.5 Geo 742146 04/25/2023 2 04/25/2023 MONOGRAPH